00964nam a2200217 a 450000100100000000500170001000800410002702000180006804000250008608200160011110000260012724500630015326000700021630000270028650400270031359000260034095201290036695201140049595201200060999900170072900004810120201002060924.0181115s2015 dr a 000 0 spa d z9789945472288 aDO-SdBNPbspacBNPHU axxxxbS276f1 aSbriz, Luciano95852310aFísica I :bprácticas de laboratorio /cLuciano Sbriz. aSanto Domingo :bInstituto Tecnológico de Santo Domingo,c2015. a88 p. :bil. ;c28 cm. aBibliografía : p. 88 aInventariado, 2018/LP 001054708DSaGRbGRcHDd2018-11-15iLF1l0oxxxx S276fp48101-30r2020-06-25te. 3w2020-06-25yLFDSZPréstamo en sala 0010718PDaPDbPDcHDd2018-11-15iLF1l0oxxxx S276fp48101-10r2020-06-25w2020-06-25yLFPDZNo se presta 0010718PDaPDbPDcHDd2018-11-15iLF1l0oxxxx S276fp48101-20r2020-06-25te. 2w2020-06-25yLFPDZNo se presta c47589d47589